000 00418nam a22001697a 4500
003 CEME
005 20210628202208.0
008 210317b xxu||||| |||| 00| 0 eng d
020 _a0-471-54287-3
040 _c.
082 _a621.3827 GAG'O
100 _aKarp, Sherman Gagliardi, Robert M
_958706
245 _aOptical communication
260 _aNEWYORK
_bJOHN WILEY
_c1995
300 _a347P
942 _cBK
_2ddc
999 _c568840
_d568840